| 000 -LEADER |
| fixed length control field |
00810nam a22002057a 4500 |
| 005 - DATE AND TIME OF LATEST TRANSACTION |
| control field |
20220502125346.0 |
| 008 - FIXED-LENGTH DATA ELEMENTS--GENERAL INFORMATION |
| fixed length control field |
200731s2010 eng||||| |||| 00| 0 enk d |
| 020 ## - INTERNATIONAL STANDARD BOOK NUMBER |
| International Standard Book Number |
9783125399068 |
| 080 ## - UNIVERSAL DECIMAL CLASSIFICATION NUMBER |
| Universal Decimal Classification number |
811.111.1 E-56 |
| 245 ## - TITLE STATEMENT |
| Title |
English Unlimited B1 - Pre-Intermediate : |
| Remainder of title |
Coursebook with e-Portfolio / |
| Statement of responsibility, etc. |
Alex Tilbury, Theresa Clementson, Leslie Anne Hendra, David Rea. |
| 264 ## - PRODUCTION, PUBLICATION, DISTRIBUTION, MANUFACTURE, AND COPYRIGHT NOTICE |
| Place of production, publication, distribution, manufacture |
Cambrigde : |
| Name of producer, publisher, distributor, manufacturer |
Klett Sprachen GmbH, |
| Date of production, publication, distribution, manufacture, or copyright notice |
2010. |
| 300 ## - PHYSICAL DESCRIPTION |
| Extent |
199 p. |
| Other physical details |
30 cm. |
| Dimensions |
ill. 2 CD |
| 653 ## - INDEX TERM--UNCONTROLLED |
| keyword |
ინგლისური ენა |
| 653 ## - INDEX TERM--UNCONTROLLED |
| keyword |
გრამატიკა |
| 700 ## - ADDED ENTRY--PERSONAL NAME |
| Personal name |
Tilbury, Alex |
| Relator term |
ავტორი |
| 9 (RLIN) |
3162 |
| 700 ## - ADDED ENTRY--PERSONAL NAME |
| Personal name |
Theresa Clementson, |
| Relator term |
ავტორი |
| 9 (RLIN) |
9093 |
| 700 ## - ADDED ENTRY--PERSONAL NAME |
| Personal name |
Leslie Anne Hendra, |
| Relator term |
ავტორი |
| 9 (RLIN) |
3161 |
| 700 ## - ADDED ENTRY--PERSONAL NAME |
| Personal name |
David Rea. |
| Relator term |
ავტორი |
| 9 (RLIN) |
9084 |
| 942 ## - ADDED ENTRY ELEMENTS (KOHA) |
| Source of classification or shelving scheme |
|
| Koha item type |
წიგნი |